Hazardous materials air monitoring and detection devices

Hazardous Materials Air Monitoring/Detection Devices provides HazMat teams with a thorough guide to effective air monitoring in emergency response situations. The key component to safely responding to hazardous materials is the use of a variety of detection devices for effective air monitoring. In t...

Volledige beschrijving

Bewaard in:
Bibliografische gegevens
Hoofdauteur: Hawley, Chris
Formaat: Boek
Taal:Undetermined
Gepubliceerd in: Australia Delmar Cengage Learning 2002
Onderwerpen:
Tags: Voeg label toe
Geen labels, Wees de eerste die dit record labelt!
Thư viện lưu trữ: Trung tâm Học liệu Trường Đại học Cần Thơ
LEADER 01447nam a2200205Ia 4500
001 CTU_141567
008 210402s9999 xx 000 0 und d
082 |a 628.53 
082 |b H396 
100 |a Hawley, Chris 
245 0 |a Hazardous materials air monitoring and detection devices 
245 0 |c Chris Hawley 
260 |a Australia 
260 |b Delmar Cengage Learning 
260 |c 2002 
520 |a Hazardous Materials Air Monitoring/Detection Devices provides HazMat teams with a thorough guide to effective air monitoring in emergency response situations. The key component to safely responding to hazardous materials is the use of a variety of detection devices for effective air monitoring. In this book, each type of air monitoring device available for emergency services is described in detail, including operating guidelines and sampling strategies. The most up-to-date information is provided along with discussion of the future trends and technology shaping this business, keeping the user at the forefront of this rapidly changing field. Also, a special section discusses the latest trend in HazMat-the detection and monitoring of hazardous agents used for terrorism. (Keywords: Hazmat) 
650 |a Air,Hazardous substances,Chất độc nguy hiểm,Không khí 
650 |x Pollution,Measurement,Ô nhiễm,Đo lường 
904 |i Trọng Hải 
980 |a Trung tâm Học liệu Trường Đại học Cần Thơ